Njan Phoolandevi/ (Record no. 31665)

000 -LEADER
fixed length control field 00393nam a22001571a 4500
020 ## - INTERNATIONAL STANDARD BOOK NUMBER
ISBN 9788187474838
082 ## - DEWEY DECIMAL CLASSIFICATION NUMBER
Classification number M 364.374 092
Item number PHO/N
100 ## - MAIN ENTRY--AUTHOR NAME
Personal name Viswambharadas K S (tr.)
245 ## - TITLE STATEMENT
Title Njan Phoolandevi/
Statement of responsibility, etc by Phoolan Devi
260 ## - PUBLICATION, DISTRIBUTION, ETC. (IMPRINT)
Place of publication Kozhikode:
Name of publisher Olive,
Year of publication 2010.
300 ## - PHYSICAL DESCRIPTION
Number of Pages 242p.
650 ## - SUBJECT ADDED ENTRY--TOPICAL TERM
Topical Term Biography Phoolandevi
650 ## - SUBJECT ADDED ENTRY--TOPICAL TERM
Topical Term Biography
650 ## - SUBJECT ADDED ENTRY--TOPICAL TERM
Topical Term Social Sciences
942 ## - ADDED ENTRY ELEMENTS (KOHA)
Koha item type Book
Holdings
Withdrawn status Lost status Damaged status Not for loan Permanent Location Current Location Date acquired Cost, normal purchase price Full call number Accession Number Cost, replacement price Price effective from Koha item type
        Sree Sankaracharya University of Sanskrit Sree Sankaracharya University of Sanskrit 08.01.2015 150.00 M 364.374 092 PHO/N 065842 0.00 08.01.2015 Book